Essays in honor of Marija Gimbutas
| Main Author: | |
|---|---|
| Format: | Print Article |
| Language: | English |
| Check availability: | HBZ Gateway |
| Interlibrary Loan: | Interlibrary Loan for the Fachinformationsdienste (Specialized Information Services in Germany) |
| Published: |
1997
|
| In: |
Journal of feminist studies in religion
Year: 1997, Volume: 13, Issue: 2, Pages: 69-74 |
| Standardized Subjects / Keyword chains: | B
Gimbutas, Marija 1921-1994
/ Philippi
/ Goddess
/ Christianity
|
| RelBib Classification: | BE Greco-Roman religions CC Christianity and Non-Christian religion; Inter-religious relations KAB Church history 30-500; early Christianity |
MARC
| LEADER | 00000caa a22000002c 4500 | ||
|---|---|---|---|
| 001 | 1641692529 | ||
| 003 | DE-627 | ||
| 005 | 20220616112853.0 | ||
| 007 | tu | ||
| 008 | 160405s1997 xx ||||| 00| ||eng c | ||
| 035 | |a (DE-627)1641692529 | ||
| 035 | |a (DE-576)46530043X | ||
| 035 | |a (DE-599)BSZ46530043X | ||
| 040 | |a DE-627 |b ger |c DE-627 |e rakwb | ||
| 041 | |a eng | ||
| 084 | |a 0 |2 ssgn | ||
| 100 | 1 | |a Abrahamsen, Valerie |4 aut | |
| 245 | 1 | 0 | |a Essays in honor of Marija Gimbutas |
| 264 | 1 | |c 1997 | |
| 336 | |a Text |b txt |2 rdacontent | ||
| 337 | |a ohne Hilfsmittel zu benutzen |b n |2 rdamedia | ||
| 338 | |a Band |b nc |2 rdacarrier | ||
| 500 | |a Zu Aufsätzen in "Journal of feminist studies in religion". - 12. 1997, 2 | ||
| 652 | |a BE:CC:KAB | ||
| 689 | 0 | 0 | |d p |0 (DE-588)119269821 |0 (DE-627)28336842X |0 (DE-576)161117384 |2 gnd |a Gimbutas, Marija |d 1921-1994 |
| 689 | 0 | 1 | |d g |0 (DE-588)4045770-9 |0 (DE-627)106200380 |0 (DE-576)209066725 |2 gnd |a Philippi |
| 689 | 0 | 2 | |d s |0 (DE-588)4021474-6 |0 (DE-627)106313835 |0 (DE-576)208938133 |2 gnd |a Göttin |
| 689 | 0 | 3 | |d s |0 (DE-588)4010074-1 |0 (DE-627)104493933 |0 (DE-576)20888579X |2 gnd |a Christentum |
| 689 | 0 | |5 (DE-627) | |
| 773 | 0 | 8 | |i In |t Journal of feminist studies in religion |d Bloomington, Ind. : Indiana Univ. Press, 1985 |g 13(1997), 2, Seite 69-74 |w (DE-627)167928821 |w (DE-600)606836-4 |w (DE-576)015906353 |x 8755-4178 |7 nnas |
| 773 | 1 | 8 | |g volume:13 |g year:1997 |g number:2 |g pages:69-74 |
| 935 | |a mteo | ||
| 951 | |a AR | ||
| ELC | |b 1 | ||
| ITA | |a 1 |t 1 | ||
| LOK | |0 000 xxxxxcx a22 zn 4500 | ||
| LOK | |0 001 3304868496 | ||
| LOK | |0 003 DE-627 | ||
| LOK | |0 004 1641692529 | ||
| LOK | |0 005 20160405125249 | ||
| LOK | |0 008 160404||||||||||||||||ger||||||| | ||
| LOK | |0 040 |a DE-Tue135 |c DE-627 |d DE-Tue135 | ||
| LOK | |0 092 |o n | ||
| LOK | |0 852 |a DE-Tue135 | ||
| LOK | |0 852 1 |9 00 | ||
| LOK | |0 935 |a ixzs |a ixmi | ||
| LOK | |0 936ln |0 1442043393 |a BE | ||
| LOK | |0 936ln |0 1442043806 |a CC | ||
| LOK | |0 936ln |0 1442044284 |a KAB | ||
| LOK | |0 939 |a 04-04-16 |b l01 | ||
| ORI | |a SA-MARC-ixtheoa001.raw | ||
| REL | |a 1 | ||
| STA | 0 | 0 | |a Christianity,Christian world view,World view,Christian ideology,Goddess,Goddess,Goddesses in literature |
| STB | 0 | 0 | |a Christianisme,Christianisme,Déesse,Déesse |
| STC | 0 | 0 | |a Cristianismo,Cristianismo,Cristiandad,Cristiandad,Cristiandad (Motivo),Cristiandad,Diosa,Diosa |
| STD | 0 | 0 | |a Cristianesimo,Cristianesimo,Dea,Dea |
| STE | 0 | 0 | |a 基督教,基督教,基督教世界观,女神 |
| STF | 0 | 0 | |a 基督教,基督教,基督教世界觀,女神 |
| STG | 0 | 0 | |a Cristianismo,Cristianismo,Cristandade,Cristandade,Cristandade (Motivo),Cristandade,Deusa,Deusa |
| STH | 0 | 0 | |a Богиня (мотив),Богиня,Христианство (мотив),Христианство |
| STI | 0 | 0 | |a Θεά (μοτίβο),Θεά,Χριστιανισμός (μοτίβο),Χριστιανισμός |
| SUB | |a REL | ||
| SYG | 0 | 0 | |a Alseikaité-Gimbutiené, Marija,1921-1994,Alseikaitė, Marija,1921-1994,Gimbutas, Marija A.,1921-1994,Gimbutas, Marija Alseikaité,1921-1994,Gimbutas, Marija Alseikatė,1921-1994,Gimbutene, Marija D.,1921-1994,Gimbutiene, Marija,1921-1994,Gimbutiené, Marija Alseikaitė-,1921-1994,Gimbutienė, Marija A.-,1921-1994,Alseika-Gimbutas, Marija,1921-1994,Gimbutienė, Marija,1921-1994,Gimbutas, Marija Alseikaitė,1921-1994,Alseikaitė-Gimbutienė, Marija,1921-1994,Alseikaitė, Marija Birutė,1921-1994 , Philippes,Philippoi,Phílippoi,Φίλιπποι,Filippi,Filipos , Göttinnen , Christianity,Christliche Mission,Missionierung,Christenheit,Christianitas,Christliche Religion,Christliche Weltanschauung |



